000 00796nam a2200241Ia 4500
003 OSt
005 20220923213213.0
006 a|||||r|||| 00| 0
007 ta
008 220922b |||||||| |||| 00| 0 hin d
024 _a159,809
037 _cTextual
040 _aARTS
_cARTS
_bhin
041 _2hin
_ahin
082 _aO152,3:g, K6
100 _aअवस्थी, देवी शंकर, संपा.
245 0 _aनयी कहानी
_b सन्दर्भ और प्रकृति
246 _aNayī kahānī: sandarbha aur prakṛuti
260 _c1966
650 _aहिन्दी साहित्य
_9156264
942 _hO152,3:g, K6
_cTEXL
_2CC
999 _c314556
_d314556